00932cam a2200253 450000100060000000300080000600500170001400800390003103500190007004000270008904100080011608200230012410000300014724500500017726000490022730000260027650000200030250400300032260000700035265000710042294200120049399900170050595201560052217633BD-RjUL20211209000154.0701231s1970 nyu b 001 0 eng a(BD-RjUL)17691 aDLCcDLCdBD-RjULbeng aeng00a818.5209bBRG 19701 aBridgman, Richard.95436810aGertrude Stein in pieces /cRichard Bridgman. aNew York :bOxford University Press,cc1970. axvi, 411 p. ;c24 cm. aIncludes index. aBibliography: p. 348-356.10aStein, Gertrude,d1874-1946xCriticism and interpretation.954374 0aWomen and literaturezUnited StatesxHistoryy20th century.954370 2ddccBK c17633d17633 00102ddc40718NFICaRUCLbRUCLcReadingd1974-05-16eOxford University Pressg100.00l0o818.5209 BRG 1970r2014-02-17 00:00:00tC-1w2014-02-17yBK